| 000 | 00420nam a2200169Ia 4500 | ||
|---|---|---|---|
| 003 | SGT | ||
| 020 | _a9788131805657 | ||
| 082 |
_a6.6 _bPAC |
||
| 100 | _aPachghare,V.K | ||
| 245 | _aComputer graphics | ||
| 250 | _a2nd Ed. | ||
| 260 |
_bUniversity Science Press _aN. Delhi _c2008 |
||
| 300 | _a224p. | ||
| 650 | _aCOMPUTER SCIENCE | ||
| 653 | _aLINE GENERATION POLYGON ,D TRANSFORMATIONS,SEGMENTS | ||
| 942 |
_2ddc _cBK _03 |
||
| 999 |
_c4916 _d4916 |
||